Quiz o Białej Podlaskiej - Statystyki

Ogólne statystyki
  • Ten quiz został rozwiązany 6 razy
  • Średni wynik to 8 z 25
Statystyki odpowiedzi
Pytanie Odpowiedź % Poprawnych
Co to za państwo, które jest położone ok. 36 km od Białej Podlaskiej? Białoruś
100%
W jakim województwie leży Biała Podlaska? Województwo {lubelskie}
100%
Jakie są tablice rejestracyjne w Białej Podlaskiej? LB
80%
Jakie rzeki przepływają przez Białą Podlaską? Krzna
40%
Przez jaki naród została stworzona Bialska Kolej Dojazdowa? Niemcy
40%
Kto i co jest przedstawione na herbie miasta? Smok
40%
Kto i co jest przedstawione na herbie miasta? św. Michał Archanioł
40%
Stolicą jakiego województwa była Biała Podlaska w latach 1975-1998? Województwo {bialskopodlaskie}
40%
W którym wieku założono Białą Podlaską? XIV w.
40%
W którym roku Biała Podlaska otrzymała prawa miejskie? 1525
20%
Jaki numer ma przebiegająca przez miasto droga krajowa? 2
20%
Jaka jest łacińska nazwa Białej Podlaskiej? Alba Ducalis
20%
Z jakimi dwoma białoruskimi miastami Biała Podlaska nawiązała współpracę? Baranowicze
20%
Jakie były inne nazwy Białej Podlaskiej? Biała Książęca
20%
Jakie były inne nazwy Białej Podlaskiej? Biała Radziwiłłowska
20%
Z jakimi dwoma białoruskimi miastami Biała Podlaska nawiązała współpracę? Brześć
20%
Jak nazywał się polski pisarz, który kształcił się w ówczesnej Akademii Bialskiej? Józef Ignacy Kraszewski
20%
Jakie rzeki przepływają przez Białą Podlaską? Klukówka
20%
Jak nazywa się prezydent Białej Podlaskiej? Michał Litwiniuk
20%
Jak nazywa się lokalny klub piłkarski, który obecnie występuje w III lidze? {Podlasie} Biała Podlaska
20%
Według powierzchni, Biała Podlaska jest największym miastem jakiego regionu? Podlasie Południowe
20%
Jaka jest nazwa wytwórni lotniczej powstałej w Białej Podlaskiej? Podlaska Wytwórnia Samolotów
20%
W jakiej krainie historycznej leży Biała Podlaska? Polesie
20%
Jakie rzeki przepływają przez Białą Podlaską? Rudka
20%
Jaki numer ma przebiegająca przez miasto linia kolejowa? 2
0%
Nie znaleziono quizów pasujących do podanych kryteriów
Rozkład punktacji
Procent ludzi z każdym wynikiem
Percentyl według liczby udzielonych odpowiedzi
Twoja historia wyników
Nie rozwiązałeś tego quizu